|
|
|
|
| LEADER |
01943nam a2200505 i 4500 |
| 001 |
EBC1487091 |
| 003 |
MiAaPQ |
| 005 |
20200520144314.0 |
| 006 |
m o d | |
| 007 |
cr cnu|||||||| |
| 008 |
131104s2003 enk ob 001 0 eng|d |
| 020 |
|
|
|z 0826454364
|
| 020 |
|
|
|z 0826454372
|
| 020 |
|
|
|z 9780826454362
|
| 020 |
|
|
|a 9781315058948
|q (electronic bk.)
|
| 035 |
|
|
|a (MiAaPQ)EBC1487091
|
| 035 |
|
|
|a (Au-PeEL)EBL1487091
|
| 035 |
|
|
|a (CaPaEBR)ebr10783197
|
| 035 |
|
|
|a (CaONFJC)MIL536195
|
| 035 |
|
|
|a (OCoLC)862049266
|
| 040 |
|
|
|a MiAaPQ
|b eng
|e rda
|e pn
|c MiAaPQ
|d MiAaPQ
|
| 043 |
|
|
|a n-us---
|a b------
|
| 050 |
|
4 |
|a HD6483
|b .T73 2003
|
| 082 |
0 |
|
|a 304
|
| 245 |
0 |
0 |
|a Trade unions in renewal :
|b a comparative study /
|c edited by Peter Fairbrother and Charlotte A.B. Yates.
|
| 264 |
|
1 |
|a London ;
|a New York :
|b Routledge,
|c 2003.
|
| 300 |
|
|
|a 1 online resource (304 pages)
|
| 336 |
|
|
|a text
|2 rdacontent
|
| 337 |
|
|
|a computer
|2 rdamedia
|
| 338 |
|
|
|a online resource
|2 rdacarrier
|
| 490 |
1 |
|
|a Employment and work relations in context series
|
| 500 |
|
|
|a Reprint. Originally published by Continuum [2003].
|
| 504 |
|
|
|a Includes bibliographical references and index.
|
| 588 |
|
|
|a Description based on online resource; title from PDF title page (ebrary, viewed November 1, 2013).
|
| 590 |
|
|
|a Electronic reproduction. Ann Arbor, MI : ProQuest, 2015. Available via World Wide Web. Access may be limited to ProQuest affiliated libraries.
|
| 650 |
|
0 |
|a Labor unions.
|
| 650 |
|
0 |
|a Labor unions
|z United States.
|
| 650 |
|
0 |
|a Labor unions
|z Commonwealth countries.
|
| 650 |
|
0 |
|a Comparative industrial relations.
|
| 655 |
|
4 |
|a Electronic books.
|
| 700 |
1 |
|
|a Fairbrother, Peter.
|
| 700 |
1 |
|
|a Yates, Charlotte A. B.
|
| 797 |
2 |
|
|a ProQuest (Firm)
|
| 830 |
|
0 |
|a Employment and work relations in context.
|
| 856 |
4 |
0 |
|u https://ebookcentral.proquest.com/lib/matrademy/detail.action?docID=1487091
|z Click to View
|